Fundamentals of data structures in C for Anna University (Record no. 241149)
[ view plain ]
| 000 -LEADER | |
|---|---|
| fixed length control field | 01591nam a2200241 4500 |
| 005 - DATE AND TIME OF LATEST TRANSACTION | |
| control field | 20260407094630.0 |
| 008 - FIXED-LENGTH DATA ELEMENTS--GENERAL INFORMATION | |
| fixed length control field | 260407b |||||||| |||| 00| 0 eng d |
| 020 ## - INTERNATIONAL STANDARD BOOK NUMBER | |
| International Standard Book Number | 9789389261707 |
| 040 ## - CATALOGING SOURCE | |
| Transcribing agency | AL |
| 041 ## - LANGUAGE CODE | |
| Language code of text/sound track or separate title | eng |
| 082 ## - DEWEY DECIMAL CLASSIFICATION NUMBER | |
| Classification number | 005.73 |
| Item number | SUDF |
| 100 ## - MAIN ENTRY--PERSONAL NAME | |
| Personal name | Sudharsan P |
| 100 ## - MAIN ENTRY--PERSONAL NAME | |
| 9 (RLIN) | 260418 |
| 245 ## - TITLE STATEMENT | |
| Title | Fundamentals of data structures in C for Anna University |
| 260 ## - PUBLICATION, DISTRIBUTION, ETC. | |
| Place of publication, distribution, etc. | New Delhi |
| Name of publisher, distributor, etc. | CBS Publishers and Distributors Pvt Ltd |
| Date of publication, distribution, etc. | 2020 |
| 300 ## - PHYSICAL DESCRIPTION | |
| Extent | xv,480p |
| Other physical details | PB |
| Dimensions | 24.5x17.5cm |
| 365 ## - TRADE PRICE | |
| Source of price type code | Information Science and Engineering |
| Price type code | VBI-2645 |
| Price amount | ₹318.75 |
| Currency code | ₹ |
| Unit of pricing | ₹425.00 |
| Price note | 25% |
| Price effective from | 20-02-2026 |
| 520 ## - SUMMARY, ETC. | |
| Summary, etc. | This book is specifically designed in accordance with the 'Anna University 2017 regulation' of ECE course. It is written in an easy to understand manner to meet the requirements of the students who want to get conversant with programming in C and to write programs in C for various data structures with algorithms.<br/>The book is organized into 5 chapters and appendices. The whole text is differentiated into two parts, first part is dedicated to the basic concepts in C including arrays, string, functions, pointers, recursion and union and the remaining part clearly focuses on the implementation of C language for writing programs using various data structures, linked lists, stacks and queues, trees, graphs, hashing, sorting and searching. All the concepts in the book are supplemented with examples, wherever necessary.<br/> |
| 650 ## - SUBJECT ADDED ENTRY--TOPICAL TERM | |
| Topical term or geographic name entry element | Linear Data Structure |
| 9 (RLIN) | 260419 |
| 650 ## - SUBJECT ADDED ENTRY--TOPICAL TERM | |
| Topical term or geographic name entry element | Algorithms |
| 9 (RLIN) | 260420 |
| 650 ## - SUBJECT ADDED ENTRY--TOPICAL TERM | |
| Topical term or geographic name entry element | Pointers |
| 9 (RLIN) | 260421 |
| 700 ## - ADDED ENTRY--PERSONAL NAME | |
| Personal name | Kumar, J John Manoj |
| 9 (RLIN) | 260422 |
| 942 ## - ADDED ENTRY ELEMENTS (KOHA) | |
| Source of classification or shelving scheme | Dewey Decimal Classification |
| Koha item type | Book |
| Withdrawn status | Lost status | Source of classification or shelving scheme | Damaged status | Not for loan | Collection code | Home library | Current library | Date acquired | Source of acquisition | Cost, normal purchase price | Total Checkouts | Full call number | Barcode | Date last seen | Cost, replacement price | Price effective from | Koha item type |
|---|---|---|---|---|---|---|---|---|---|---|---|---|---|---|---|---|---|
| Dewey Decimal Classification | Information Science and Engineering | St Aloysius Engineering Library | St Aloysius Engineering Library | 04/01/2026 | Vidyarthi Books, Bengaluru-560076 | 318.75 | 005.73 SUDF | SE000419 | 04/07/2026 | 425.00 | 02/20/2026 | Book |